000 00701nam a2200193Ia 4500
003 GCL
008 140319s9999 xx 000 0 ara d
040 _aGCL /
_cGCL
082 0 4 _a818.07
_bع و
100 1 _aعبدالوهاب الاسوانى
245 1 0 _aوقائع درامية من التاريخ العربى /
_cعبدالوهاب الاسوانى
260 _aبيروت :
_bدار التضامن للطباعة والنشر والتوزيع ،
_c1990
300 _a127 ص ؛
_c18 سم
650 0 4 _aقصص البطولات
650 0 4 _aالقصص التاريخية
650 0 4 _aالفتوحات الاسلامية
650 0 4 _aالتاريخ الاسلامى
942 _2ddc
_cBK
999 _c47814
_d47814